00389nam a2200157Ia 4500003000400000008004100004040001600045082001600061100001800077245004000095260003800135300001000173650001200183650001400195650002200209GCL140319s9999 xx 000 0 eng d aGCL / cGCL04a530.12bG Q1 aGOSWAMI, AMIT10aQUNATUM MECHANICS / cGOSWAMI, AMIT a[S.N] : bWM . C. BROWN ، c1997 a554 P04aPHYSICS04aMECHANICS04aQUANTUM MECHANICS